=LDR 00000nam 2200000 4500 =001 INLIS000000000046770 =005 20201216084645 =035 ##$$a 0010-051500000000029 =008 201216################g##########0#ind## =020 ##$$a 979-416-843-2 =082 ##$$a 328.04 =100 ##$$a Marbun, B.N =245 1#$$a DPRD dan otonomi daerah /$c B.N. Marbun, SH. =260 ##$$a Jakarta :$b Pustaka Sinar Harapan,$c 2005 =300 ##$$a xii, 160 hlm. ; $c 23 x 15 cm. =850 ##$$aNBPNMAT =084 ##$$a 328.04 MAR d =650 #4$$a DPRD - Pemerintrah Daerah =990 ##$$a 20604084